Nacionalismo y política de desarrollo /

Guardado en:
Autor Principal: Silvert, Kalman
Formato: Libro
Publicado: Buenos Aires : Paidos, 1965
Materias:
Etiquetas: Agregar Etiqueta
Sin Etiquetas, Sea el primero en etiquetar este registro!
LEADER 00646nam a22002175a 4500
001 CEM.cems005995
005 20060214000000.0
008 130507s1965##################000#0#####d
003 CEMS
082 0 4 |a 338.9 
100 1 |a Silvert, Kalman 
245 1 0 |a Nacionalismo y política de desarrollo / 
260 |a Buenos Aires :  |b Paidos,  |c 1965 
300 |a 127 p. 
505 0 |a APENDICE: Desarrollo economico y cooperación en America Latina por Henry Rijken Van Olst 
653 |a Autoritarismo 
653 |a Desarrollo 
653 |a Ideologia 
653 |a Libertad 
653 |a Liderazgo 
859 |a CEMS  |b BIB. CEMS - 11 de abril  |h 338.9  |i Si29  |p 2918.74  |t Ej.1